00350nam a2200145Ia 4500008004100000020001500041041000800056082001300064100001700077245005100094250000600145260003100151300001300182650000900195210716s1997 xx 000 0 und d a8187105976 aeng a778 ROSC aRose, Carla. aTeach yourself digital photography in 14 days. a1 aNew DelhibTechmediac1997 axiii,382 aNone